| 000 | 00622nam a2200217 a 4500 | ||
|---|---|---|---|
| 003 | AR-BaBNM | ||
| 005 | 20251128203423.0 | ||
| 008 | 082120s2002 ||||||||||||||000 | spa|| | ||
| 040 | _cAR-BaBNM | ||
| 100 | 1 | _aGobello, José | |
| 245 | 0 | 0 | _aDiccionario lunfardo y de otros términos antiguos y modernos usuales en Buenos Aires |
| 250 | _a4ª ed. | ||
| 260 |
_aBuenos Aires _bPeña Lillo _c1982 |
||
| 300 | _a234 p. | ||
| 500 | _aContiene un índice de autores nombrados en el cuerpo principal de la obra | ||
| 650 | 4 | _aDICCIONARIOS | |
| 653 | _aLUNFARDO | ||
| 655 | _aREFERENCIA | ||
| 942 | _cBK | ||
| 998 | _claura | ||
| 999 |
_c3309 _d3309 |
||